Zelené verejné obstarávanie textílií
Zelené verejné obstarávanie textílií predstavuje zodpovedný prístup k nákupu odevov a textilných výrobkov s ohľadom na životné prostredie a sociálne aspekty. Využívanie certifikátov GOTS a OEKO-TEX® Standard 100 zjednodušuje proces obstarávania a zabezpečuje, že obstarávané textílie spĺňajú prísne e...
Salvato in:
| Autore principale: | |
|---|---|
| Natura: | Capitolo di libro |
| Lingua: | slovacco |
| Soggetti: | |
| Tags: |
Nessun Tag, puoi essere il primo ad aggiungerne!!
|
MARC
| LEADER | 00000naa a2200000 4500 | ||
|---|---|---|---|
| 001 | 0308204 | ||
| 005 | 20250417090210.5 | ||
| 041 | 0 | |a slo | |
| 044 | |a SK | ||
| 245 | 1 | 0 | |a Zelené verejné obstarávanie textílií |c Juraj Tkáč |
| 520 | |a Zelené verejné obstarávanie textílií predstavuje zodpovedný prístup k nákupu odevov a textilných výrobkov s ohľadom na životné prostredie a sociálne aspekty. Využívanie certifikátov GOTS a OEKO-TEX® Standard 100 zjednodušuje proces obstarávania a zabezpečuje, že obstarávané textílie spĺňajú prísne environmentálne a sociálne kritériá. Tieto certifikáty garantujú nielen šetrnosť k prírode, ale aj ochranu zdravia a podporu férových pracovných podmienok v textilnom priemysle. | ||
| 610 | 2 | 0 | |a textil |
| 610 | 2 | 0 | |a obvody integrované |
| 610 | 2 | 0 | |a obstarávanie verejné zelené |
| 610 | 2 | 0 | |a odevy |
| 610 | 2 | 0 | |a nákup |
| 610 | 2 | 0 | |a certifikáty |
| 100 | 1 | |a Tkáč, Juraj | |